[Event "Landsturneringen 2015"]
[Site "Oslo NOR"]
[Date "2015.07.10"]
[Round "8"]
[White "Fuglseth, Jan"]
[Black "Sletten, Dan Vegar"]
[Result "1-0"]
[WhiteElo "1435"]
[BlackElo "1333"]
[Annotator "Fuglseth, Jan"]
[PlyCount "74"]
[EventDate "2015.07.04"]

1. c4 c5 2. g3 Nf6 3. Bg2 e6 4. Nc3 Nc6 5. d3 Be7 6. Bf4 e5 7. Bd2 {Jeg fikk
dermed utviklet løperen dit jeg ville samtidig som det nå ble en luksuriøs
stallplass ledig på d5.} d6 8. e3 {Ikke helt bra. Det blir litt støyete på d3
med deffensiv jobbing.} O-O 9. Nf3 (9. Nge2 Bf5) 9... Nb4 10. Qb1 Bf5 11. Bf1
Qd7 12. a3 Nc6 13. Bg2 Rab8 14. O-O Bh3 15. Ng5 $2 {Jeg ville gjerne ha gampen
på e4, men Fritz ga rødt lys.} Bxg2 16. Kxg2 h6 17. Nge4 Nh7 18. Nd5 {Der var
han på plass og dominerer mye av brettet. Det gir også Se4 et fluktfelt etter
f5 samt at den blir reserve ved et evetuelt avbytte på d5.} f5 19. Nec3 Kh8 20.
b4 b6 $2 {a6 var bedre} 21. b5 Nd8 22. a4 Ne6 23. a5 Nhg5 24. axb6 axb6 25. Ra6
{f4 hadde spart meg for problemene jeg får etterhvert.} Bd8 $2 26. Qd1 $2 Bc7
$2 27. h4 {f4 hadde vært smartere men jeg håpet på å få åpnet h-linjen for det
andre tårnet.} f4 28. Qg4 $2 {Ser meg blind på at jeg kan slå den sorte
løperen og deretter vinne en hest.} (28. exf4) 28... fxe3 29. Bxe3 $4 (29. fxe3
Nf4+ 30. Rxf4) 29... Nf4+ {Huff. Motstanderen har dog kun 4-5 minutter igjen
på klokka.} 30. Bxf4 Qxg4 31. Bxg5 hxg5 32. hxg5 Qf3+ 33. Kg1 g6 34. Ne4 {Skal
hindre tårnet å komme til h7} Kg7 35. Nxc7 Kf7 $2 {Th8 hadde gjort susen} 36.
Ra7 Rbe8 {Veldig svakt trekk som snur alt til tap. Th8 hadde fortsatt gjort
susen} 37. Nxd6+ {Sxe8 var bedre, men der gikk tiden ut for sort.} Ke7 1-0

[Event "Landsturneringen 2015"]
[Site "Oppsal arena, Oslo NOR"]
[Date "2015.07.10"]
[Round "8"]
[White "Lea, Per"]
[Black "Wibe, Per H"]
[Result "0-1"]
[WhiteElo "1592"]
[BlackElo "1681"]
[Annotator "Lea,Per"]
[PlyCount "52"]
[EventDate "2015.07.04"]

1. e4 c5 2. Nf3 d6 3. d4 cxd4 4. Nxd4 a6 5. c4 Nf6 6. Nc3 e6 7. Bg5 Be7 8. Be2
O-O 9. Qd2 Qc7 10. O-O Nc6 11. Rac1 Ne5 12. b3 b6 13. f4 Ng6 14. f5 Ne5 15. Nf3
Neg4 16. h3 Ne5 17. Rcd1 Rd8 18. fxe6 fxe6 19. Nxe5 dxe5 20. Qc2 Bb7 21. Bf3 b5
22. cxb5 axb5 23. Rxd8+ Rxd8 24. Qc1 Rc8 25. Bxf6 $4 Bxf6 26. Ne2 Qb6+ {Game -
set - og match...} 0-1

[Event "Landsturneringen 2015"]
[Site "Oslo NOR"]
[Date "2015.07.10"]
[Round "8"]
[White "Lund, Johnny"]
[Black "Ruud, Kjetil"]
[Result "0-1"]
[WhiteElo "1454"]
[BlackElo "1318"]
[PlyCount "78"]
[EventDate "2015.07.04"]

1. e4 e5 2. Nf3 f5 3. d4 Nc6 4. d5 fxe4 5. Ng5 Nce7 6. Nxe4 Ng6 7. c4 Qh4 8.
Bd3 Bb4+ 9. Nbc3 Bxc3+ 10. bxc3 d6 11. Bg5 Qg4 12. Qxg4 Bxg4 13. f3 Bd7 14. O-O
b6 15. Rae1 N8e7 16. f4 Nxf4 17. Bxf4 exf4 18. Rxf4 Rf8 19. Rh4 h6 20. Ng3 Kd8
21. Rhe4 Ng8 22. R4e3 Kc8 23. Bg6 Kb7 24. Nh5 Nf6 25. Re7 Nxh5 26. Rxd7 Nf4 27.
Bh7 g5 28. Ree7 Rac8 29. Bc2 Rf6 30. Re3 Rcf8 31. g3 Nh3+ 32. Kg2 g4 33. Re2
Rf2+ 34. Rxf2 Rxf2+ 35. Kh1 Rxc2 36. Rh7 Rxc3 37. Rxh6 Rxc4 38. Rh5 Rc2 39. Rf5
Rxa2 0-1

[Event "Landsturneringen 2015"]
[Site "Oslo NOR"]
[Date "2015.07.10"]
[Round "8"]
[White "Mikalsen, Harald"]
[Black "Furnes, Torstein"]
[Result "1-0"]
[WhiteElo "1798"]
[BlackElo "1663"]
[Annotator "Furnes, Torstein"]
[PlyCount "101"]
[EventDate "2015.07.04"]

1. e4 c5 2. Nf3 Nc6 3. d4 cxd4 4. Nxd4 e5 5. Nb5 d6 6. N1c3 a6 7. Na3 b5 8. Nd5
Nf6 9. Bg5 Be7 10. Nxe7 ({Hovedvarianten er} 10. Bxf6 Bxf6 {Dermed beholder
hvit sin sterke springer på d5.}) 10... Qxe7 11. c4 b4 12. Nc2 O-O 13. Qf3 h6
14. Bxf6 Qxf6 15. Qxf6 gxf6 16. Rd1 Rd8 17. g4 Kf8 18. Rg1 a5 19. Rg3 Ne7 20.
h3 Bb7 21. f3 Ng6 22. Rg2 Nf4 $2 $16 ({Svart må spille} 22... Nh4 {for å
hindre den hvite springeren å innta f5-feltet.}) 23. Rgd2 Ke7 24. Ne3 Bc8 25.
c5 Be6 26. cxd6+ Kf8 27. b3 Rac8 28. h4 Rc3 29. Kf2 Ke8 30. Rc2 Rxc2+ 31. Nxc2
Rc8 32. Ne3 Kd8 33. Bc4 Kd7 34. Rd2 Rc5 35. Bxe6+ fxe6 36. Nc4 Rb5 37. g5 {
Fritz er litt skeptisk til dette trekket, og mener hvitfordelen synker fra 2.5
til 1.2.} hxg5 38. hxg5 Nh3+ 39. Kg3 Nxg5 40. Kg4 Nf7 $2 $18 ({Bedre er} 40...
Rb8 41. Nxe5+ (41. Nxa5 $2 {er svakt pga} Rg8 42. Kh5 Nxf3) 41... fxe5 42. Kxg5
Rf8 43. Rd3 Rf4 $11 {med gode remissjanser}) 41. Kh5 Ng5 42. Rd3 Rb8 $2 ({En
siste mulighet var} 42... Nh3 43. Rd1 f5) 43. Kg6 Rf8 44. Nxa5 Nh3 45. Kg7 Ra8
46. Nc4 Rxa2 47. Kxf6 Nf4 48. Nxe5+ Kd8 49. Rd4 Ra6 50. Rxb4 Ra8 51. Rb7 1-0

[Event "Landsturneringen 2015"]
[Site "Oslo NOR"]
[Date "2015.07.10"]
[Round "8"]
[White "Wister, Tom R"]
[Black "Lange, Holger"]
[Result "1/2-1/2"]
[WhiteElo "1670"]
[BlackElo "1596"]
[Annotator "Lange,Holger"]
[PlyCount "78"]
[EventDate "2015.07.04"]

1. d4 Nf6 2. c4 e6 3. Nc3 Bb4 4. a3 Bxc3+ 5. bxc3 c5 6. f3 O-O ({
Hovedvarianten er:} 6... d5 7. cxd5 Nxd5 8. dxc5 Qa5 9. e4 Ne7) 7. e4 d6 8. Bd3
Nc6 9. Ne2 Qb6 $2 (9... b6 10. Be3 Ba6 11. Ng3 {holder balansen}) 10. Be3 Qa5
11. O-O h6 12. f4 Ng4 13. Bd2 cxd4 $2 (13... f5) 14. cxd4 Qh5 15. h3 Nf6 16.
Rf3 Nh7 17. e5 (17. d5 {er enda sterkere}) 17... dxe5 18. fxe5 Qh4 19. Rf4 Qd8
20. Be3 f6 21. exf6 Nxf6 22. Rf2 Bd7 23. Qd2 Qa5 24. Qc2 Nb4 25. Qc3 Nc6 26.
Qb2 Rae8 27. Raf1 Qh5 $2 {det er vel en tapt stilling for svart} 28. Nf4 Qa5
29. Ng6 Rf7 30. Bxh6 Qb6 31. Qxb6 axb6 32. Be3 Ra8 33. d5 exd5 34. cxd5 Ne7 35.
d6 Ned5 36. Bc1 b5 37. Ne5 Rff8 {Game: Ignored:} 38. Rxf6 $4 {Forklaring til
trekket: hvit tok SVARTE springeren på f6 og slo løperen på d7 med det. Det er
ikke lovlig, men man måtte da slo svarte springeren på f6 med tårn i steden.}
Nxf6 39. Nxd7 Nxd7 {hadde ikke lyst å være slem og tilby remis som gjengjeld
for uhell som skjedde. Stillingen er sannsynligvis omtrent lik} 1/2-1/2

[Event "Landsturneringen 2015"]
[Site "Oslo NOR"]
[Date "2015.07.11"]
[Round "9"]
[White "Brobakken, Lars Erik"]
[Black "Fuglseth, Jan"]
[Result "0-1"]
[WhiteElo "1368"]
[BlackElo "1435"]
[Annotator "Jan Fuglseth"]
[PlyCount "72"]
[EventDate "2015.07.04"]

{Situasjonen er den at min motstander leder turneringen etter 8 runder med 6,5
poeng. På bord 1 sitter to karer også med 6,5 poeng. Jeg har 6 og kan ikke
vinne sammenlagt selv om det skulle ende med remis på bord 1. De skal uansett
få slite for seieren.} 1. d4 Nf6 2. Nf3 d6 3. g3 Nbd7 4. Bg2 g6 5. O-O Bg7 6.
c4 c5 7. Nc3 O-O 8. d5 Rb8 9. Rb1 a6 10. a4 Nb6 $11 {Stillingen er utlignet}
11. Qd3 Nxa4 $1 12. Nd2 (12. Nxa4 Bf5 13. Qb3 Bxb1) 12... Nxc3 13. bxc3 {Bonde
over, sågar en fribonde, er ikke å forakte. Nå må jeg holde meg skjerpet og
ikke gå på noen blundere.} Bd7 14. e4 b5 {Med den sterke g6 løperen og
bondemajoritet på dronnigfløyen trykker vi på mot det hjørnet.} 15. cxb5 axb5
16. h3 Qa5 17. f4 Ne8 18. Bb2 f5 19. Ra1 Qb6 20. Kh2 Nc7 21. Ra2 c4 $19 {Det
er pussig, men det ser ut til at Fritz er enig i alt jeg gjør. Vi får se om
det varer.} 22. Qf3 Na6 $17 {En av ideene bak S (f6-e8-c79 var å plassere den
på c5. Fritz freser litt.} 23. Ba3 Rbc8 {b4 var bedre, men jeg turte ikke pga
Sxc4. Ser i ettertid at det hadde løst seg med Dc5.} (23... b4 24. Nxc4) 24.
Rb1 Qa5 25. e5 {Motspilleren kommer nå med flere svindelforsøk. Han føler seg
veldig presset, med god grunn. exf5 var best} dxe5 26. Rba1 Qd8 {e4 var mye
bedre, men jeg var redd for å spille meg bort} 27. fxe5 Bxe5 28. Bxe7 Qxe7 29.
Rxa6 b4 30. Nb1 b3 31. Nd2 {Sort avslutter med vinst på bord 1 og leder dermed
klasse 3. Min motstander er den eneste som kan innhente ham, men da må det
skje en katastrofe for meg eller et mirakel for ham. Han har dessuten bare 4
min igjen på klokken.} f4 32. g4 Qc5 33. Ne4 (33. Nf1) 33... Qe3 34. Qf1 {
Taper så det synger. Følg med nå. Lørdagskos!} f3+ 35. Kh1 Qxe4 36. Re1 fxg2+ {
0-1 i den ytterste tidsnød} 0-1

[Event "Landsturneringen 2015"]
[Site "Oslo NOR"]
[Date "2015.07.11"]
[Round "9"]
[White "Bævre, Knut"]
[Black "Bø, Martin"]
[Result "1-0"]
[WhiteElo "978"]
[BlackElo "1150"]
[Annotator "Martin,Bø"]
[PlyCount "67"]
[EventDate "2015.07.04"]

1. e4 c5 2. Nc3 Nc6 3. f4 d6 4. Bc4 Nf6 5. Nf3 g6 6. d3 Bg4 7. O-O Nd4 8. Kh1
Nxf3 9. gxf3 Bd7 10. Qe1 Bc6 11. Bb3 Qc7 12. Bd2 e6 13. a4 a6 14. Nd5 Bxd5 (
14... exd5 15. exd5+ Be7 16. dxc6 bxc6 {Var redd for denne varianten, men
etter litt analyser er det nok den beste}) 15. exd5 e5 16. fxe5 dxe5 17. f4 Bd6
18. fxe5 Bxe5 19. Rxf6 {Trekke jeg overså da jeg regnet denne varianten på 15.
Lxd5} O-O-O $2 20. Ba5 Qe7 21. Bxd8 Kxd8 22. Rf2 Re8 23. Qe4 Bxb2 24. Qxe7+
Rxe7 25. d6 Rd7 26. Raf1 f5 27. Re2 Rxd6 28. Rfe1 Bf6 29. Re6 Rxe6 30. Rxe6 Bd4
31. Kg2 Kd7 32. h4 b5 33. Rxa6 b4 34. Bc4 1-0

[Event "Landsturneringen 2015"]
[Site "Oslo NOR"]
[Date "2015.07.11"]
[Round "9"]
[White "Furnes, Torstein"]
[Black "Erikstad, Olav"]
[Result "0-1"]
[WhiteElo "1663"]
[BlackElo "1764"]
[Annotator "Furnes, Torstein"]
[PlyCount "62"]
[EventDate "2015.07.04"]

1. d4 c6 2. c4 d5 3. cxd5 cxd5 4. Bf4 Nc6 5. Nc3 Nf6 6. e3 Bf5 7. Qb3 Qb6 {
Dette trekket er spilt en del på toppnivå, selv om det gir svart en isolert
dobbeltbonde.} (7... Na5 8. Qa4+ Bd7 9. Bb5 ({eller} 9. Qc2) 9... Nc6 10. Nf3 {
er det som er mest spilt.}) 8. Qxb6 axb6 9. Nb5 {Vanligere trekk er Sf3 eller
Lb5.} (9. Bc7 {Det kan kanskje se ut som hvit vinner bonde med dette
løpertrekket, men svart får snart bonden tilbake:} Rc8 10. Bxb6 Nd7 11. Bc5
Nxc5 12. dxc5 e6) 9... Rc8 10. a3 $6 {Et litt tvilsomt trekk. Hensikten var å
hindre svart i å spille Sb4. Men nå oppstår et svakt felt på b3.} Na5 {Svart
truer Sb3 Td1 Lc2.} 11. Nc7+ $2 $17 {Et svakt trekk.} ({Hvit kan trygt spille} 
11. Nf3 Nb3 12. Rd1 Bc2 $2 {Dette løpertrekket viser seg å være svakt for
svart.} 13. Na7 Ra8 14. Bb5+ Kd8 15. Ne5 {Truer Sxf7 matt !} Bg6 16. Bd3 $16)
11... Kd8 12. Rc1 Nh5 13. b4 $2 $19 ({Hvits beste mulighet er} 13. g4 $1 Bxg4 (
13... Nxf4 14. gxf5 Nh5 15. b4 Rxc7 16. Rxc7 Kxc7 17. bxa5 bxa5 $15) 14. h3 Bf5
15. Bh2) 13... Nxf4 14. bxa5 bxa5 15. exf4 Rxc7 16. Rxc7 Kxc7 17. Bb5 Bd7 18.
Bxd7 Kxd7 19. a4 e6 20. Kd2 Bb4+ 21. Kd3 Rc8 22. Ne2 Rc4 23. g4 Bd6 24. Ra1 Rb4
25. Kc3 f6 26. Kc2 e5 27. dxe5 fxe5 28. fxe5 Bxe5 29. Rd1 Kc6 30. h3 Rxa4 31.
Nc3 Rc4 0-1

[Event "Landsturneringen 2015"]
[Site "Oslo NOR"]
[Date "2015.07.11"]
[Round "9"]
[White "Gøbel, Marius"]
[Black "Lange, Magnus Øyvind"]
[Result "0-1"]
[WhiteElo "757"]
[BlackElo "823"]
[Annotator "Lange,Holger"]
[PlyCount "160"]
[EventDate "2015.07.04"]

1. d4 d5 2. c4 e6 3. Nf3 Nf6 4. Bg5 Be7 5. e3 h6 6. Bh4 Ne4 7. Bxe7 Qxe7 8. Bd3
Qb4+ 9. Nbd2 f5 10. b3 Nc6 11. O-O Qe7 12. Re1 Bd7 13. a3 O-O-O 14. b4 g5 15.
b5 Nb8 16. a4 g4 17. Ne5 Qg7 18. Nxe4 dxe4 19. Be2 h5 20. h4 gxh3 21. g3 h4 22.
Kh2 hxg3+ 23. fxg3 Rdf8 24. Rg1 Qh6 25. Qd2 c6 26. Qd1 Qxe3 27. Ng6 Qf2+ 28.
Kh1 f4 29. gxf4 Rfg8 30. Ne7+ Kc7 31. Rxg8 Rxg8 32. Qf1 Qxf1+ 33. Bxf1 Rg7 34.
Nxc6 bxc6 35. Bxh3 cxb5 36. axb5 Rg3 37. Kh2 Rd3 38. Rxa7+ Kb6 39. Ra8 Kb7 40.
Ra4 Rxd4 41. Rb4 e3 42. Kg3 Rd3 43. c5 e2+ 44. Kf2 Re3 45. Bg2+ Kc8 46. Rb1
e1=Q+ 47. Rxe1 Rxe1 48. Kxe1 Bxb5 49. Bh3 Bd7 50. Bg2 Kd8 51. Ke2 Ke7 52. Kd3
Kf6 53. Be4 Na6 54. c6 Bxc6 55. Bxc6 Nb4+ 56. Ke4 Nxc6 57. Kf3 Kf5 58. Ke3 Ne7
59. Kd4 Kxf4 60. Kd3 e5 61. Ke2 Ke4 62. Kf2 Kd3 63. Ke1 e4 64. Kd1 e3 65. Ke1
e2 66. Kf2 Kd2 67. Kf3 Nd5 68. Kg4 Nf4 69. Kf5 e1=Q 70. Kg4 Nd5 71. Kf5 Nb4 72.
Kf4 Kd3 73. Kf5 Qe7 74. Kf4 Qe4+ 75. Kg5 Qf3 76. Kg6 Ke4 77. Kg7 Ke5 78. Kg8
Qb7 79. Kf8 Kf6 80. Ke8 Qe7# {Tar man i betraktning at hvit avslo remistilbud
to ganger, er det logisk at han spiller videre helt til matt. Mirakel kom
dessverre ikke, og dermed havnet Magnus på 5,5 poeng og 18. plass} 0-1

[Event "Landsturneringen 2015"]
[Site "Oppsal arena, Oslo NOR"]
[Date "2015.07.11"]
[Round "9"]
[White "Heitun, Odd Gunnar"]
[Black "Lea, Per"]
[Result "1/2-1/2"]
[WhiteElo "1611"]
[BlackElo "1592"]
[Annotator "Lea,Per"]
[PlyCount "94"]
[EventDate "2015.07.04"]

1. Nf3 Nf6 2. c4 c5 3. Nc3 g6 4. g3 Bg7 5. d3 O-O 6. Bg2 Nc6 7. O-O e6 8. a3 a6
9. Rb1 Rb8 10. b4 cxb4 11. axb4 b5 12. cxb5 axb5 {Etter trekkomkastning er vi
tilbake til en fullstendig symmetrisk stilling} 13. Bd2 d5 14. Qc1 Qd7 15. Re1
e5 16. e4 d4 17. Nd5 {En stygg springer som foreløpig ikke kan byttes av fordi
e-bonden mister en gardering} Bb7 18. Qc5 Ba8 19. Bg5 Qe6 {De hvite brikkene
er litt for aktive etter min smak her} 20. Nc7 Qd7 21. Nxa8 Rxa8 22. Qxb5 {Et
uunngåelig bondetap. Nå kan jeg få store problemer med fribonden hans.} Rab8
23. Qc5 Ne8 24. Rec1 (24. b5 Na5 25. Nxe5 {bor vare lett vinst for hvit}) 24...
Rc8 25. Qd5 Nf6 $2 26. Qxd7 $2 (26. Bxf6 $1 Nb8 27. Bxg7 Qxd5 28. exd5 {og det
eneste fornuftige svart kan gjøre, er å gi opp}) 26... Nxd7 27. b5 Na7 28. Rxc8
Nxc8 29. Bh3 Ndb6 30. Bxc8 ({Langt bedre er} 30. Rc1 f5 31. exf5 gxf5 32. Nh4
h6 33. Bd2 Ne7 34. Bb4 Nbd5 35. Nxf5 Bf6) 30... Rxc8 31. Bd2 f6 32. Ba5 Rb8 33.
Nd2 Bf8 34. Bxb6 Rxb6 35. Nc4 Rb7 36. Kg2 Be7 37. g4 Kf8 38. Kg3 g5 39. f3 Ke8
40. h4 h6 41. hxg5 hxg5 42. Kf2 Kd7 43. Ke2 Bc5 44. Kd2 Kc7 45. Kc2 Rb8 46. Nd2
Rb7 47. Nc4 Rb8 {med remistilbud som overraskende nok ble godtatt uten
betenkningstid. Men hvit innser vel at det ikke er mulig å komme videre.
Dermed fikk jeg et ufortjent halvpoeng og tangerte poenghøsten fra 2014.
Trøsten er at det var nok sterkere motstand i år.} 1/2-1/2

[Event "Landsturneringen 2015"]
[Site "Oslo NOR"]
[Date "2015.07.11"]
[Round "9"]
[White "Lange, Holger"]
[Black "Christensen, Oddbjørn"]
[Result "1/2-1/2"]
[WhiteElo "1596"]
[BlackElo "1643"]
[Annotator "Lange,Holger"]
[PlyCount "78"]
[EventDate "2015.07.04"]

1. e4 c6 2. d4 d5 3. exd5 cxd5 4. Bd3 Nc6 5. Nf3 {ser naturlig ut, men
hovedvarianten er likevel} (5. c3) 5... Bg4 6. c3 e6 7. O-O Bd6 8. Be3 Qc7 9.
h3 Bh5 {Laang tenkepause her. Motstanderen vurderte} (9... h5 {og det er
solklart at jeg kommer ikke til å slå løperen!}) 10. Nbd2 Nf6 11. Qb3 {eller
til a4?} O-O 12. Rac1 Na5 13. Qa4 a6 14. Bg5 b5 15. Qc2 Bg6 16. Bxg6 hxg6 17.
Rfe1 Nc4 18. Nxc4 bxc4 19. Ne5 $6 {Stockfish mener} (19. b4 {eller}) (19. Nd2 {
er best}) 19... Ne4 $1 20. Bd2 {og ikke} (20. Bf4 $2 f6 21. Nxg6 Bxf4 22. Nxf8
Rxf8 $1 (22... Bxc1 $2 23. Nxe6 $11) 23. Rcd1 $19) 20... Kh7 $2 (20... Bxe5 21.
dxe5 Nc5 $1 22. Re2 Nd3 {vinner en bonde}) 21. Rb1 f6 22. Ng4 Kg8 23. f3 Nxd2
24. Qxd2 Kf7 25. Re2 Rfe8 26. Rbe1 Bf4 27. Qc2 Rab8 28. Qa4 Rb5 $1 29. Qc2 (29.
Qxa6 $4 Ra5 {mister dame}) 29... Bg3 30. Rb1 Reb8 31. Ne3 Qb6 32. Nf1 Bf4 33.
g3 Bc7 (33... Bd6 {er et hakk bedre}) 34. f4 Qa5 35. b3 Qa3 36. Nd2 a5 37. Rbe1
$6 (37. bxc4 {her var det min tur å vinne en bonde! Jeg var rett for} Rb2 38.
Rxb2 Rxb2 39. Qd3 Qxa2 {men åpenbart uten grundlag}) 37... cxb3 38. axb3 Re8 $2
{stygt feil som ser ganske naturlig ut - tårnet forsvarer jo e6 - men
riktigfortsettelse fant vi heller ikke på analyse} 39. Qd3 $2 (39. c4 $1 Rbb8 (
39... Rb7 40. cxd5 Qb4 41. dxe6+ Kg8 42. Kg2 Qxd4 43. Qc6 Reb8 44. e7 {er
håpløst}) 40. cxd5 {og løperen henger!}) 39... Rb6 {Remistilbud fra svart. Han
hadde sett spøkelse som han var rett for: 40. f5 gxf5 41. Dxf5 (??) Han trodde
han blir matt etter exf5. Jeg kunne har spilt videre med 40. c4, men
stillingen er alt annen en avgjørt. Og så var det siste runde og jeg var
ganske sulten....} 1/2-1/2

[Event "Landsturneringen 2015"]
[Site "Oslo NOR"]
[Date "2015.07.11"]
[Round "9"]
[White "Naasen, Nils"]
[Black "Leknes, Lars Sevald"]
[Result "1-0"]
[WhiteElo "1290"]
[BlackElo "1317"]
[Annotator "Furnes, Torstein"]
[PlyCount "47"]
[EventDate "2015.07.04"]

1. e4 e5 2. Nf3 Nc6 3. Bb5 d6 ({Hovedvarianten i spansk er} 3... a6 4. Ba4 Nf6
5. O-O Be7 6. Re1 b5 7. Bb3 d6 8. c3 O-O) 4. O-O Bd7 5. c3 Nf6 6. Re1 a6 7. Ba4
{Denne stillingen har oppstått i mange partier med toppspillere i databasen
til chesslive.de. Men spillerne med over 2500 i rating velger nå Le7 eller g6.
Etter b5 har hvit en vinstprosent på 75.4%, mot 66.3% for Le7 og 57.8% for g6.}
b5 8. Bc2 Be7 9. d4 exd4 10. cxd4 O-O 11. h3 h6 $6 {Fritz liker ikke dette
trekket så godt.} ({Vanligere er} 11... Nb4 12. Bb3 c5) 12. Nbd2 ({Hvit kunne
spilt} 12. e5 Nd5 (12... dxe5 13. dxe5 Nh7 14. Qd3 f5 15. Bb3+ Kh8 16. Rd1) 13.
Qd3 f5 14. exf6 Nxf6 15. Bxh6 $1 {Svart kan ikke ta imot løperofferet:} gxh6 $2
16. Qg6+ Kh8 17. Qxh6+ Kg8 18. Qg6+ Kh8 19. Ng5 Qe8 20. Qh6+ Kg8 21. Bb3+ Rf7
22. Qg6+ Kh8 23. Nxf7+ Qxf7 24. Bxf7 $18) 12... Re8 13. Nf1 Qc8 $146 {Dette
trekket er ikke tidligere spilt hos chesslive.de.} 14. Ng3 Nd8 {Muligens litt
passivt. Fritz-vurderingen kommer nå opp i +1.6.} 15. Be3 c6 16. Qd3 Kf8 $2 $18
{Tapstrekket. Hvit får avgjørende kongeangrep.} ({Fritz mener svart kan kjempe
videre med} 16... c5 17. dxc5 Nc6 18. cxd6 Nb4) 17. e5 dxe5 18. dxe5 Ng8 19.
Qh7 Ne6 20. Nf5 Qd8 21. N3d4 ({Fritz påviser her forsert matt i 5 trekk med
noen fine varianter:} 21. Bxh6 $3 Bf6 (21... gxh6 22. Nxh6 Nxh6 23. Qxh6+ Kg8 (
23... Ng7 24. Qh8#) 24. Qh7+ Kf8 25. Qh8#) (21... Nxh6 22. Nxh6 Bg5 23. Qg8+
Ke7 24. Nf5#) (21... f6 22. Bxg7+ Kf7 23. Qh5#) 22. Ng5 $1 Re7 23. Qxg7+ $3
Bxg7 (23... Nxg7 24. Nh7+ Ke8 25. Nd6#) 24. Nh7+ Ke8 25. Nd6#) 21... Bf6 22.
Nxe6+ Rxe6 23. Bc5+ Re7 24. exf6 {Et flott gjennomført kongeangrep !} 1-0

[Event "Landsturneringen 2015"]
[Site "Oslo NOR"]
[Date "2015.07.11"]
[Round "9"]
[White "Ruud, Kjetil"]
[Black "Haug, Rolf"]
[Result "0-1"]
[WhiteElo "1318"]
[BlackElo "1469"]
[PlyCount "34"]
[EventDate "2015.07.04"]

1. e4 e5 2. Nf3 Nc6 3. d4 exd4 4. Nxd4 Nf6 5. Nxc6 bxc6 6. e5 Qe7 7. Qe2 Nd5 8.
c4 Ba6 9. b3 Nb6 10. Bb2 d5 11. Nd2 dxc4 12. Qf3 O-O-O 13. Bxc4 Nxc4 14. Nxc4
Qb4+ 15. Bc3 Bxc4 16. Bxb4 Bxb4+ 17. Qc3 Bxc3# 0-1

[Event "Landsturneringen 2015"]
[Site "Oslo NOR"]
[Date "2015.07.04"]
[Round "1"]
[White "Thorvaldsen, Idun"]
[Black "Bjerke, Vilde"]
[Result "1-0"]
[WhiteElo "1047"]
[BlackElo "1198"]
[Annotator "Thorvaldsen,Idun"]
[PlyCount "147"]
[EventDate "2015.07.04"]

1. d4 d5 2. c4 e6 3. Nc3 Bb4 4. Qc2 Nf6 5. Bd2 O-O 6. Nf3 dxc4 7. e3 Bxc3 8.
Bxc3 b5 9. a4 c6 10. b3 Nd5 11. Bb2 c3 12. Bxc3 Nxc3 13. Qxc3 Ba6 14. axb5 Bxb5
15. Bxb5 cxb5 16. O-O Qd5 17. Rfc1 Nd7 18. Qd3 h6 19. Rc7 e5 20. Qf5 Rfd8 21.
Nxe5 Nxe5 22. Qxe5 Qxb3 23. Qe7 Rf8 24. Rcxa7 Rae8 25. Qa3 Qc4 26. Qa2 Rc8 27.
Qxc4 Rxc4 28. Rb7 b4 29. Rb1 Rfc8 30. g3 Rc1+ 31. Rxc1 Rxc1+ 32. Kg2 Rb1 33.
Rb8+ Kh7 34. Kf3 g5 35. Ke4 Kg6 36. Kd3 Kh5 37. Kc4 f5 38. Rxb4 Rh1 39. Rb2
Rxh2 40. d5 Kg6 41. d6 Kf7 42. d7 Ke7 43. Rd2 Kd8 44. Kc5 Rh1 45. Kd6 Rc1 46.
Ke6 (46. Ra2 Rd1+ 47. Ke6 Rxd7 48. Ra8+ Kc7 49. Ra7+ Kb6 50. Rxd7) 46... f4 47.
exf4 Re1+ 48. Kf5 gxf4 49. Kxf4 Re7 50. Kf5 Rf7+ 51. Kg6 Re7 52. Kxh6 Re6+ 53.
Kg5 Re5+ 54. Kf6 Rh5 55. f4 Ra5 56. f5 Ra4 57. Kg5 Ra5 58. Kg6 Ra4 59. f6 Rg4+
60. Kh5 Rxg3 61. Rd5 Rg8 62. f7 Rf8 63. Kg6 Ke7 64. d8=Q+ Rxd8 65. Rxd8 Kxd8
66. f8=Q+ Kd7 67. Qf6 Kc7 68. Kf5 Kd7 69. Ke5 Kc7 70. Kd5 Kb7 71. Kc5 Kc7 72.
Qe7+ Kc8 73. Kb6 Kb8 74. Qb7# 1-0

[Event "Landsturneringen 2015"]
[Site "Oslo NOR"]
[Date "2015.07.05"]
[Round "2"]
[White "Thorvaldsen, Idun"]
[Black "Munkejord, Trond"]
[Result "0-1"]
[WhiteElo "1047"]
[BlackElo "1178"]
[Annotator "Thorvaldsen,Idun"]
[PlyCount "76"]
[EventDate "2015.07.04"]

1. d4 Nf6 2. c4 e6 3. Nc3 d5 4. Bg5 h6 5. Bh4 Be7 6. Nf3 O-O 7. e3 Re8 8. Bd3
b6 9. O-O Bb7 10. cxd5 Nxd5 11. Bxe7 Qxe7 12. Rc1 a6 13. a3 c6 14. Nxd5 cxd5
15. Ne5 f6 16. Ng6 Qd6 17. Qh5 Nd7 18. f4 f5 19. Rf3 Nf6 20. Qh4 Rac8 21. Rd1
Rc7 22. Ne5 Rf8 23. g4 fxg4 24. Nxg4 Nxg4 25. Qxg4 Rf6 26. Kf2 Qe7 27. Rh3 e5
28. f5 (28. dxe5 Qxe5) 28... e4 29. Bb1 Bc8 30. Rh5 Qf7 31. Ke2 Bxf5 32. Rxf5
Rxf5 33. Qg2 Qh5+ 34. Kd2 Rcf7 35. Kc1 Rf2 36. Qg3 Qe2 37. Qb8+ Rf8 38. Qxb6
Qxe3+ 0-1

[Event "Landsturneringen 2015"]
[Site "Oslo NOR"]
[Date "2015.07.06"]
[Round "4"]
[White "Bævre, Knut"]
[Black "Thorvaldsen, Idun"]
[Result "1-0"]
[WhiteElo "978"]
[BlackElo "1047"]
[Annotator "Thorvaldsen,Idun"]
[PlyCount "45"]
[EventDate "2015.07.04"]

1. e4 c5 2. c3 d6 3. d4 Nf6 4. Bd3 Nc6 5. Bg5 e6 6. Nf3 Be7 7. O-O Qb6 8. b3
Bd7 9. dxc5 Qxc5 10. b4 Qb6 11. Na3 Qc7 12. Nb5 Qd8 13. Bc2 O-O 14. Nxd6 Qc7
15. Nb5 Qd8 16. Nbd4 a6 17. e5 Nd5 18. Nxc6 Bxc6 19. Bd2 Qc7 20. Re1 Rad8 21.
Qe2 Bb5 (21... Nxb4 22. cxb4 Bxf3 23. Bxh7+ Kxh7 24. gxf3) 22. Qe4 Nxc3 23.
Qxh7# 1-0